पालखीचा गोंडा / (Record no. 557139)
[ view plain ]
| 000 -LEADER | |
|---|---|
| fixed length control field | 01142nam a2200301 a 4500 |
| 001 - CONTROL NUMBER | |
| control field | vtls001258046 |
| 003 - CONTROL NUMBER IDENTIFIER | |
| control field | NLI |
| 005 - DATE AND TIME OF LATEST TRANSACTION | |
| control field | 20210627040821.0 |
| 008 - FIXED-LENGTH DATA ELEMENTS--GENERAL INFORMATION | |
| fixed length control field | 120404s1928 ii 000 1 mar |
| 020 ## - INTERNATIONAL STANDARD BOOK NUMBER | |
| Terms of availability | Rs. 1.80 |
| 039 #9 - LEVEL OF BIBLIOGRAPHIC CONTROL AND CODING DETAIL [OBSOLETE] | |
| -- | 201204041846 |
| -- | VLOAD |
| 040 ## - CATALOGING SOURCE | |
| Original cataloging agency | NLI |
| Language of cataloging | mareng |
| Transcribing agency | Datasoft_Marathi_S |
| Description conventions | AACR2 |
| 041 0# - LANGUAGE CODE | |
| Language code of text/sound track or separate title | mar |
| 044 ## - COUNTRY OF PUBLISHING/PRODUCING ENTITY CODE | |
| MARC country code | ii |
| 082 04 - DEWEY DECIMAL CLASSIFICATION NUMBER | |
| Classification number | 891.463 |
| 245 00 - TITLE STATEMENT | |
| Linkage | 880-02 |
| Title | पालखीचा गोंडा / |
| Statement of responsibility, etc. | सम्पादक कोशोवाई गोविंदा कानिटकर |
| 260 ## - PUBLICATION, DISTRIBUTION, ETC. | |
| Place of publication, distribution, etc. | पुणे : |
| Name of publisher, distributor, etc. | गणेश महादेव आणि कंपनी, |
| Date of publication, distribution, etc. | 1928 |
| 300 ## - PHYSICAL DESCRIPTION | |
| Extent | 229 p. ; |
| Dimensions | 18 cm. |
| 650 #0 - SUBJECT ADDED ENTRY--TOPICAL TERM | |
| Topical term or geographic name entry element | Marathi Fiction |
| 700 1# - ADDED ENTRY--PERSONAL NAME | |
| Linkage | 880-03 |
| Personal name | कानिटकर, कोशोवाई गोविंदा, |
| Relationship | edt |
| 9 (RLIN) | 678675 |
| 880 00 - ALTERNATE GRAPHIC REPRESENTATION | |
| Linkage | 245-02 (B |
| a | Pālakhīcā gauṁḍā / |
| c | edited by Kasibai Govimda Kanitakara |
| 880 ## - ALTERNATE GRAPHIC REPRESENTATION | |
| Linkage | 700-03 (B |
| a | Kanitakara, Kasibai Govimda |
| 4 | edt |
| 887 ## - NON-MARC INFORMATION FIELD | |
| Content of non-MARC field | [Humera Rashid 29.12.2011]Rahul |
| 901 ## - LOCAL DATA ELEMENT A, LDA (RLIN) | |
| a | 430 |
| b | 20.06.1956 |
| 902 ## - LOCAL DATA ELEMENT B, LDB (RLIN) | |
| a | Mar 891.463 K 4564 p |
| 904 ## - LOCAL DATA ELEMENT D, LDD (RLIN) | |
| c | [Humera Rashid 29.12.2011]Rahul |
| l | 5810. |
| 942 ## - ADDED ENTRY ELEMENTS (KOHA) | |
| Source of classification or shelving scheme | Dewey Decimal Classification |
| Koha item type | Books |
| Withdrawn status | Lost status | Damaged status | Not for loan | Collection code | Home library | Current library | Shelving location | Date acquired | Total Checkouts | Full call number | Date last seen | Price effective from | Koha item type |
|---|---|---|---|---|---|---|---|---|---|---|---|---|---|
| Marathi | National Library of India | National Library of India | Mar 891.463 K 4564 p | 27/06/2021 | 27/06/2021 | Books |
